Normal view MARC view

Entry Topical Term

Number of records used in: 1

001 - CONTROL NUMBER

  • control field: 24923

003 - CONTROL NUMBER IDENTIFIER

  • control field: OSt

005 - DATE AND TIME OF LATEST TRANSACTION

  • control field: 20210708113908.0

008 - FIXED-LENGTH DATA ELEMENTS

  • fixed length control field: 210708|| aca||aabn | a|a d

040 ## - CATALOGING SOURCE

  • Original cataloging agency: OSt
  • Transcribing agency: OSt

150 ## - HEADING--TOPICAL TERM

  • Topical term or geographic name entry element: The Contribution of Lesotho Dairy Products to the Livelihoods of Dairy Farm Households in Maseru and Berea Districts in Lesotho

670 ## - SOURCE DATA FOUND

  • Source citation: Work cat.: (OSt): Rantso, Tsepiso A. Makhobotloane, Miopone. 24922, The Contribution of Lesotho Dairy Products to the Livelihoods of Dairy Farm Households in Maseru and Berea Districts in Lesotho

Powered by Koha